[Event "Wch U18"]
[Site "Florianopolis"]
[Date "2024.10.29"]
[Round "1"]
[White "Parrilla, Juan Jose"]
[Black "Haack, Kevin"]
[Result "0-1"]
[WhiteElo "1940"]
[BlackElo "2305"]
[PlyCount "64"]
[EventDate "2024.10.29"]
[EventType "swiss"]
[EventRounds "11"]
[EventCountry "BRA"]
[SourceTitle "CB45_2024"]
[Source "ChessBase"]
[SourceDate "2024.11.06"]
[SourceVersion "1"]
[SourceVersionDate "2024.11.06"]
[SourceQuality "1"]

1. e4 c6 2. d4 d5 3. e5 c5 4. dxc5 e6 5. c3 Nd7 6. Nf3 Bxc5 7. Nbd2 Ne7 8. Nb3 Bb6 9. Bb5 0-0 10. 0-0 f6 11. Bxd7 Bxd7 12. exf6 gxf6 13. Bh6 Re8 14. Be3 Bc7 15. Nh4 Kh8 16. f4 Rg8 17. Qf3 Qe8 18. Bd4 Qf7 19. Rae1 b6 20. Kh1 Raf8 21. Rf2 Qg7 22. Qe3 e5 23. fxe5 fxe5 24. Rxf8 Rxf8 25. Nf3 Ng6 26. Nxe5 Bxe5 27. Bxe5 Nxe5 28. h3 Nc4 29. Qe2 Bf5 30. Nd4 Nd6 31. b3 Ne4 32. Qf3 Bxh3 0-1

[Event "GER-chT Lands U20"]
[Site "Tuebingen"]
[Date "2024.10.05"]
[Round "6"]
[White "Hinrichs, Paul"]
[Black "Haack, Kevin"]
[Result "1/2-1/2"]
[WhiteElo "2264"]
[BlackElo "2305"]
[PlyCount "44"]
[EventDate "2024.10.03"]
[EventType "team-swiss"]
[EventRounds "7"]
[EventCountry "GER"]
[SourceTitle "CB47_2024"]
[SourceDate "2024.11.20"]
[SourceVersion "1"]
[SourceVersionDate "2024.11.20"]
[SourceQuality "1"]

1. d4 d5 2. c4 c6 3. Nf3 Nf6 4. Nc3 e6 5. e3 Nbd7 6. Qc2 b6 7. cxd5 cxd5 8. Nb5 Bb4+ 9. Bd2 Bxd2+ 10. Nxd2 0-0 11. a4 Ne8 12. Bd3 h6 13. 0-0 a6 14. Nc3 Bb7 15. Rfc1 Nd6 16. Ne2 Rc8 17. Qb3 Rxc1+ 18. Rxc1 Qb8 19. Qa3 Rc8 20. b4 Rxc1+ 21. Qxc1 Qc8 22. Qxc8+ Bxc8 1/2-1/2

[Event "Titled Tuesday intern op 30th Jul Early"]
[Site "Chess.com INT"]
[Date "2024.07.30"]
[Round "8"]
[White "Elsness, Frode"]
[Black "Haack, Kevin"]
[Result "0-1"]
[WhiteElo "2418"]
[BlackElo "2321"]
[PlyCount "58"]
[EventDate "2024.07.30"]
[EventType "swiss (blitz)"]
[EventRounds "11"]
[EventCountry "USA"]
[SourceTitle "EXT 2025"]
[Source "ChessBase"]
[SourceDate "2024.10.14"]
[SourceVersion "1"]
[SourceVersionDate "2024.10.14"]
[SourceQuality "1"]

1. e4 c6 2. d4 d5 3. e5 c5 4. dxc5 Nc6 5. f4 Bf5 6. Be3 d4 7. Bf2 Qa5+ 8. Nd2 Qxc5 9. c3 e6 10. Ngf3 Qb6 11. Nc4 Qc7 12. Nxd4 Rd8 13. Qa4 Bc5 14. Ne3 Bxd4 15. cxd4 Rxd4 16. Qb5 Rxf4 17. Nxf5 Rxf5 18. Bg3 Nge7 19. Bd3 Rg5 20. 0-0 0-0 21. Bf4 Rg4 22. Be2 Rh4 23. g3 Rxf4 24. Rxf4 Nxe5 25. Raf1 N7c6 26. Bh5 a6 27. Qe2 f6 28. Bg4 Qb6+ 29. Kh1 Re8 0-1

[Event "Titled Tuesday intern op 30th Jul Early"]
[Site "Chess.com INT"]
[Date "2024.07.30"]
[Round "9"]
[White "Haack, Kevin"]
[Black "Real de Azua, Ernesto"]
[Result "0-1"]
[WhiteElo "2321"]
[BlackElo "2455"]
[PlyCount "46"]
[EventDate "2024.07.30"]
[EventType "swiss (blitz)"]
[EventRounds "11"]
[EventCountry "USA"]
[SourceTitle "EXT 2025"]
[Source "ChessBase"]
[SourceDate "2024.10.14"]
[SourceVersion "1"]
[SourceVersionDate "2024.10.14"]
[SourceQuality "1"]

1. c4 Nf6 2. Nc3 e5 3. Nf3 Nc6 4. e3 Bb4 5. Qc2 Bxc3 6. Qxc3 Qe7 7. b3 d5 8. cxd5 Nxd5 9. Qb2 0-0 10. Bc4 Rd8 11. 0-0 Bg4 12. Be2 f5 13. h3 Bh5 14. Re1 e4 15. Nd4 Bxe2 16. Nxc6 bxc6 17. Rxe2 f4 18. exf4 Nxf4 19. Re3 Qg5 20. g3 Nxh3+ 21. Kf1 Qf5 22. Re2 Qf3 23. Re3 Qxf2# 0-1

[Event "Titled Tuesday intern op 23rd Jul Early"]
[Site "Chess.com INT"]
[Date "2024.07.23"]
[Round "6"]
[White "Asish, Panda"]
[Black "Haack, Kevin"]
[Result "1-0"]
[WhiteElo "1911"]
[BlackElo "2321"]
[PlyCount "63"]
[EventDate "2024.07.23"]
[EventType "swiss (blitz)"]
[EventRounds "11"]
[EventCountry "USA"]
[SourceTitle "EXT 2025"]
[Source "ChessBase"]
[SourceDate "2024.10.14"]
[SourceVersion "1"]
[SourceVersionDate "2024.10.14"]
[SourceQuality "1"]

1. e4 c6 2. c4 e5 3. Nc3 Nf6 4. g3 d5 5. cxd5 cxd5 6. exd5 Nxd5 7. Bg2 Be6 8. Nge2 Nc6 9. 0-0 Be7 10. d4 exd4 11. Nxd4 Nxc3 12. bxc3 Bd5 13. Bxd5 Qxd5 14. Re1 Rd8 15. Ba3 Rd7 16. Qe2 0-0 17. Bxe7 Rxe7 18. Qb2 Ne5 19. Rad1 Nd3 20. Nc2 Qf3 21. Rxd3 Qxd3 22. Rxe7 h5 23. Ne3 Rc8 24. Qxb7 Qxc3 25. Rxf7 h4 26. Rxg7+ Qxg7 27. Qxc8+ Kh7 28. Qf5+ Kg8 29. Qd5+ Kh8 30. Qd8+ Kh7 31. Qxh4+ Kg8 32. Qg4 1-0

[Event "Titled Tuesday intern op 23rd Jul Late"]
[Site "Chess.com INT"]
[Date "2024.07.23"]
[Round "10"]
[White "Haack, Kevin"]
[Black "Chiu, Isaac"]
[Result "0-1"]
[WhiteElo "2321"]
[BlackElo "2226"]
[PlyCount "124"]
[EventDate "2024.07.23"]
[EventType "swiss (blitz)"]
[EventRounds "11"]
[EventCountry "USA"]
[SourceTitle "EXT 2025"]
[Source "ChessBase"]
[SourceDate "2024.10.14"]
[SourceVersion "1"]
[SourceVersionDate "2024.10.14"]
[SourceQuality "1"]

1. Nf3 d5 2. b3 Bg4 3. e3 Bxf3 4. Qxf3 e6 5. c4 Nf6 6. Bb2 Be7 7. Nc3 0-0 8. Be2 c5 9. 0-0 Nc6 10. d3 d4 11. Ne4 Nxe4 12. Qxe4 Bf6 13. Ba3 Qd6 14. Bf3 Rac8 15. Rad1 b6 16. Rfe1 Rfd8 17. g3 g6 18. h4 h5 19. Bg2 Kg7 20. Bc1 Nb4 21. exd4 Qxd4 22. Qxd4 Bxd4 23. Be3 Bxe3 24. Rxe3 Nc2 25. Re2 Nd4 26. Re3 a5 27. Rb1 Nc2 28. Re2 Nb4 29. Be4 Nxd3 30. Bxd3 Rxd3 31. Rbb2 Rcd8 32. Kg2 Kf6 33. Re4 Rd2 34. Re2 Rxb2 35. Rxb2 Rd3 36. f4 Kf5 37. Re2 f6 38. Kh2 e5 39. fxe5 fxe5 40. Kg2 e4 41. Kf2 Rf3+ 42. Kg2 Rd3 43. Kf2 Ke5 44. Kg2 Kd4 45. Kf2 Rf3+ 46. Ke1 Rxg3 47. Rf2 a4 48. Rf6 axb3 49. axb3 Rxb3 50. Rxg6 Kxc4 51. Rg5 Kd3 52. Rg3+ e3 53. Kf1 Rb1+ 54. Kg2 Kd2 55. Rg5 e2 56. Rd5+ Kc3 57. Rxh5 e1Q 58. Kf3 Qd1+ 59. Kf4 Qxh5 60. Kg3 Rf1 61. Kg2 Qf3+ 62. Kh2 Rh1# 0-1

[Event "Titled Tuesday intern op 23rd Jul Early"]
[Site "Chess.com INT"]
[Date "2024.07.23"]
[Round "5"]
[White "Haack, Kevin"]
[Black "Dyachuk, Artem"]
[Result "0-1"]
[WhiteElo "2321"]
[BlackElo "2249"]
[PlyCount "94"]
[EventDate "2024.07.23"]
[EventType "swiss (blitz)"]
[EventRounds "11"]
[EventCountry "USA"]
[SourceTitle "EXT 2025"]
[Source "ChessBase"]
[SourceDate "2024.10.14"]
[SourceVersion "1"]
[SourceVersionDate "2024.10.14"]
[SourceQuality "1"]

1. d4 d5 2. c4 e6 3. Nc3 c6 4. Nf3 Nf6 5. e3 Nbd7 6. Bd3 dxc4 7. Bxc4 b5 8. Be2 a6 9. 0-0 c5 10. dxc5 Bxc5 11. Nd4 Bb7 12. Bf3 Qb6 13. Bxb7 Qxb7 14. Qf3 Qxf3 15. Nxf3 0-0 16. b3 Rac8 17. Bb2 Bb4 18. Rac1 Nc5 19. Rfd1 Nce4 20. Nxe4 Nxe4 21. Ne5 Bc3 22. Ba1 Bxa1 23. Rxa1 Rc2 24. Nf3 Nxf2 25. Rd6 Ng4 26. Rxa6 Nxe3 27. a4 Rxg2+ 28. Kh1 Rf2 29. Ne5 bxa4 30. bxa4 f6 31. Nd7 Rc8 32. Rxe6 Ng4 33. Re4 h5 34. h3 Rh2+ 35. Kg1 Rxh3 36. a5 Rg3+ 37. Kf1 Rc2 38. Re2 Rcc3 39. Rg2 Ne3+ 40. Kf2 Rxg2+ 41. Kf3 Nc2+ 42. Kxg2 Nxa1 43. a6 Ra3 44. Nc5 Nb3 45. Nxb3 Rxb3 46. a7 Ra3 47. a8Q+ Rxa8 0-1

[Event "Titled Tuesday intern op 23rd Jul Early"]
[Site "Chess.com INT"]
[Date "2024.07.23"]
[Round "3"]
[White "Haack, Kevin"]
[Black "Kostolansky, Sebastian Lukas"]
[Result "1-0"]
[WhiteElo "2321"]
[BlackElo "2413"]
[PlyCount "105"]
[EventDate "2024.07.23"]
[EventType "swiss (blitz)"]
[EventRounds "11"]
[EventCountry "USA"]
[SourceTitle "EXT 2025"]
[Source "ChessBase"]
[SourceDate "2024.10.14"]
[SourceVersion "1"]
[SourceVersionDate "2024.10.14"]
[SourceQuality "1"]

1. e4 e6 2. d4 d5 3. exd5 Qxd5 4. c4 Qd8 5. Nf3 Nf6 6. g3 b6 7. Bg2 Bb7 8. 0-0 Be7 9. Nc3 0-0 10. Bf4 Nbd7 11. Ne5 Bxg2 12. Kxg2 Nxe5 13. dxe5 Nd7 14. h4 Qc8 15. Qf3 Nc5 16. Rfd1 Rd8 17. Rxd8+ Qxd8 18. Rd1 Qe8 19. Nb5 Rc8 20. Nxa7 Ra8 21. Nc6 Bf8 22. a3 Na4 23. b4 Nb2 24. Rd4 h6 25. Bc1 Na4 26. h5 Nc3 27. b5 Na4 28. Qd1 Nc3 29. Qc2 Na4 30. Rg4 Kh8 31. Rd4 Bc5 32. Rd1 Be7 33. Rd2 Nc5 34. Nxe7 Qxe7 35. Rd4 Kg8 36. Qd1 Kf8 37. Be3 Qe8 38. Qc2 Rc8 39. Qh7 Nd7 40. Rg4 Ke7 41. Rxg7 Nxe5 42. Qxh6 Nxc4 43. Qg5+ Kd7 44. Qf6 Nd6 45. Bf4 Nf5 46. Rxf7+ Ne7 47. Bg5 Kd6 48. Rxe7 Qxb5 49. Rxe6+ Kc5 50. Re5+ Kc4 51. Rxb5 Kxb5 52. Qf5+ Ka4 53. Qxc8 1-0

[Event "Titled Tuesday intern op 23rd Jul Late"]
[Site "Chess.com INT"]
[Date "2024.07.23"]
[Round "7"]
[White "Haack, Kevin"]
[Black "Thorfinnsson, Bragi"]
[Result "0-1"]
[WhiteElo "2321"]
[BlackElo "2379"]
[PlyCount "124"]
[EventDate "2024.07.23"]
[EventType "swiss (blitz)"]
[EventRounds "11"]
[EventCountry "USA"]
[SourceTitle "EXT 2025"]
[Source "ChessBase"]
[SourceDate "2024.10.14"]
[SourceVersion "1"]
[SourceVersionDate "2024.10.14"]
[SourceQuality "1"]

1. d4 Nf6 2. c4 c5 3. d5 g6 4. Nc3 Bg7 5. e4 0-0 6. Nf3 d6 7. h3 e6 8. Bd3 Na6 9. 0-0 e5 10. a3 Nc7 11. a4 Na6 12. Re1 Nb4 13. Bf1 Nh5 14. g3 Bd7 15. Bg5 f6 16. Bd2 a6 17. a5 f5 18. exf5 Bxf5 19. Ne4 Nf6 20. Nfg5 h6 21. Nxf6+ Qxf6 22. Bxb4 cxb4 23. Nf3 Bxh3 24. Bxh3 Qxf3 25. Be6+ Kh7 26. Qd2 h5 27. Re3 Qf6 28. Kg2 Bh6 29. Rh1 e4 30. Kg1 Bxe3 31. Qxe3 Qf3 32. Qd2 e3 33. Qxe3 Qxe3 34. fxe3 Rf3 35. g4 Rxe3 36. gxh5 Re1+ 37. Kg2 Rxh1 38. hxg6+ Kxg6 39. Kxh1 Kf6 40. Kg2 Ke5 41. Kf3 Kd4 42. Ke2 Kxc4 43. Kd2 Kb3 44. Kc1 Rf8 45. Bg4 Kc4 46. Be6 Kb5 47. Kc2 Kxa5 48. Kb3 Kb5 49. Bg4 Kc5 50. Be6 b5 51. Kc2 a5 52. Kb3 Rf3+ 53. Kc2 Kc4 54. Bg8 Rf2+ 55. Kc1 Kb3 56. Bh7 Rxb2 57. Bd3 a4 58. Bxb5 a3 59. Bc6 a2 60. Ba4+ Kc3 61. Bc2 Rxc2+ 62. Kd1 a1Q# 0-1

[Event "Titled Tuesday intern op 23rd Jul Late"]
[Site "Chess.com INT"]
[Date "2024.07.23"]
[Round "8"]
[White "Zamorano, Jorge Adrian"]
[Black "Haack, Kevin"]
[Result "1-0"]
[WhiteElo "2333"]
[BlackElo "2321"]
[PlyCount "75"]
[EventDate "2024.07.23"]
[EventType "swiss (blitz)"]
[EventRounds "11"]
[EventCountry "USA"]
[SourceTitle "EXT 2025"]
[Source "ChessBase"]
[SourceDate "2024.10.14"]
[SourceVersion "1"]
[SourceVersionDate "2024.10.14"]
[SourceQuality "1"]

1. d4 Nf6 2. c4 c5 3. Nf3 cxd4 4. Nxd4 e5 5. Nb5 d5 6. cxd5 Bc5 7. N5c3 0-0 8. g3 Ng4 9. e3 f5 10. Be2 Nf6 11. 0-0 a6 12. a3 b5 13. b4 Bd6 14. Bb2 Bb7 15. a4 bxa4 16. Qxa4 Nxd5 17. Qb3 Bxb4 18. Bc4 Kh8 19. Nxd5 a5 20. Nxb4 axb4 21. Rxa8 Bxa8 22. Bxe5 Nc6 23. Bb2 Na5 24. Qxb4 Nxc4 25. Qxc4 Qb8 26. Qd4 Qb7 27. f3 Rb8 28. Bc3 h6 29. Nd2 Qc7 30. Qe5 Qxe5 31. Bxe5 Rc8 32. Ra1 Bd5 33. Ra7 Rg8 34. e4 fxe4 35. Nxe4 h5 36. Nf6 gxf6 37. Bxf6+ Rg7 38. Bxg7+ 1-0

[Event "Titled Tuesday intern op 16th Jul Late"]
[Site "Chess.com INT"]
[Date "2024.07.16"]
[Round "5"]
[White "Haack, Kevin"]
[Black "Hansen, Torbjorn Ringdal"]
[Result "1-0"]
[WhiteElo "2321"]
[BlackElo "2433"]
[PlyCount "153"]
[EventDate "2024.07.16"]
[EventType "swiss (blitz)"]
[EventRounds "11"]
[EventCountry "USA"]
[SourceTitle "EXT 2025"]
[Source "ChessBase"]
[SourceDate "2024.10.14"]
[SourceVersion "1"]
[SourceVersionDate "2024.10.14"]
[SourceQuality "1"]

1. e4 c5 2. Nc3 Nc6 3. f4 e6 4. Nf3 d5 5. d3 d4 6. Ne2 f5 7. g3 fxe4 8. dxe4 Nf6 9. e5 Nd5 10. Bg2 Be7 11. 0-0 Qb6 12. Kh1 Bd7 13. c3 dxc3 14. Nxc3 Nxc3 15. bxc3 Qc7 16. Nd2 0-0 17. Ne4 Rad8 18. Be3 b6 19. Qh5 g6 20. Qg4 Rf5 21. Rad1 Rdf8 22. Qe2 Na5 23. Nd6 Bxd6 24. exd6 Qc8 25. Kg1 Bc6 26. Bh3 Bb7 27. Bc1 Qc6 28. Bg2 Qxg2+ 29. Qxg2 Bxg2 30. Kxg2 Rd8 31. Rfe1 Kf7 32. g4 Rd5 33. Rxd5 exd5 34. Re7+ Kf6 35. g5+ Kf5 36. Kf3 Nc4 37. Rxh7 Nxd6 38. Rxa7 Rh8 39. Rd7 Ne4 40. Rxd5+ Ke6 41. Re5+ Kd6 42. Kxe4 Rxh2 43. Rd5+ Ke6 44. Re5+ Kd6 45. a3 Rc2 46. Be3 Rxc3 47. Rd5+ Ke6 48. Rd8 Rxa3 49. Rb8 Rb3 50. Bxc5 Rb5 51. Be3 Rb4+ 52. Kf3 b5 53. Rb6+ Kd5 54. Rxg6 Rb3 55. Rg8 b4 56. Rd8+ Ke6 57. Re8+ Kf7 58. Rb8 Rb1 59. Ke4 b3 60. f5 Ke7 61. Rb7+ Kd6 62. g6 Kc6 63. Rb6+ Kc7 64. g7 Rg1 65. Rxb3 Rxg7 66. Bf4+ Kc6 67. Rc3+ Kb5 68. Rc7 Rg1 69. Kd5 Re1 70. Be5 Rf1 71. f6 Kb6 72. Ke6 Rf2 73. Rc3 Rf1 74. f7 Kb7 75. Ke7 Rf5 76. f8Q Rxe5+ 77. Kd6 1-0

[Event "Titled Tuesday intern op 16th Jul Late"]
[Site "Chess.com INT"]
[Date "2024.07.16"]
[Round "7"]
[White "Haack, Kevin"]
[Black "Riff, Vincent"]
[Result "1-0"]
[WhiteElo "2321"]
[BlackElo "2367"]
[PlyCount "145"]
[EventDate "2024.07.16"]
[EventType "swiss (blitz)"]
[EventRounds "11"]
[EventCountry "USA"]
[SourceTitle "EXT 2025"]
[Source "ChessBase"]
[SourceDate "2024.10.14"]
[SourceVersion "1"]
[SourceVersionDate "2024.10.14"]
[SourceQuality "1"]

1. c4 e5 2. g3 Nf6 3. Bg2 c6 4. Nf3 e4 5. Nd4 d5 6. cxd5 Qxd5 7. Nc2 Qh5 8. Nc3 Bh3 9. Bxh3 Qxh3 10. Ne3 Bc5 11. d3 0-0 12. Nxe4 Nxe4 13. dxe4 Na6 14. Qc2 Rad8 15. Bd2 Bxe3 16. Bxe3 Qg2 17. Rf1 Rd7 18. Rd1 Rxd1+ 19. Qxd1 Qxe4 20. Qd3 Qe6 21. a3 Qa2 22. Qd2 c5 23. f3 b6 24. Kf2 Nc7 25. Rd1 Qb3 26. Bf4 Ne6 27. Be5 h6 28. Rc1 Rd8 29. Qe3 Qd5 30. h4 Qd7 31. Bc3 Nd4 32. Rd1 Qa4 33. Rd2 Re8 34. Qd3 Ne6 35. Qd5 Rd8 36. Qe5 Rxd2 37. Bxd2 Qd7 38. Bc3 f6 39. Qe4 Kf7 40. h5 Nf8 41. g4 Qe6 42. Qb7+ Qe7 43. Qd5+ Qe6 44. Qb7+ Qd7 45. Qe4 a5 46. Kg2 Qe7 47. Qc4+ Qe6 48. Qb5 Nd7 49. Qd3 c4 50. Qg6+ Kf8 51. e4 b5 52. Qh7 a4 53. Qh8+ Kf7 54. Qd8 Qe7 55. Qa5 Qc5 56. Qa6 Qe3 57. Qd6 Qe2+ 58. Kg3 Ne5 59. Qd5+ Kf8 60. Bxe5 fxe5 61. Qxe5 Qe1+ 62. Kh3 Qf1+ 63. Kg3 Qg1+ 64. Kf4 Qh2+ 65. Kf5 Qf2 66. f4 Qb6 67. Qe6 Qc5+ 68. Kg6 Qc7 69. f5 b4 70. e5 bxa3 71. bxa3 Qb7 72. Qd6+ Kg8 73. Qd8# 1-0

[Event "EU-chT U18"]
[Site "Rhodes"]
[Date "2024.06.24"]
[Round "4.3"]
[White "Haack, Kevin"]
[Black "Dotzer, Lukas"]
[Result "1-0"]
[WhiteElo "2303"]
[BlackElo "2369"]
[PlyCount "83"]
[EventDate "2024.06.21"]
[EventType "team-swiss"]
[EventRounds "7"]
[EventCountry "GRE"]
[SourceTitle "CBM 220 Extra"]
[Source "ChessBase"]
[SourceDate "2024.07.31"]
[SourceVersion "1"]
[SourceVersionDate "2024.07.31"]
[SourceQuality "1"]
[WhiteTeam "Germany U18"]
[BlackTeam "Austria U18"]
[WhiteTeamCountry "GER"]
[BlackTeamCountry "AUT"]

1. d4 Nf6 2. c4 e6 3. g3 d5 4. Bg2 Be7 5. Nf3 0-0 6. 0-0 c6 7. Nc3 a5 8. Re1 Nbd7 9. Nd2 Re8 10. e4 e5 11. dxe5 Nxe5 12. exd5 Nd3 13. Rf1 cxd5 14. cxd5 Bg4 15. Qb3 Bb4 16. Nf3 a4 17. Qc2 Bxf3 18. Qxd3 Bxg2 19. Kxg2 Bxc3 20. Qxc3 Rc8 21. Qf3 Rc2 22. Rd1 Ne4 23. Be3 Rxb2 24. Rd4 Nc3 25. d6 Qd7 26. Rc1 Nb5 27. Rd5 h6 28. Rc4 a3 29. Rg4 Re6 30. Bc5 Rxa2 31. Ra4 Rf6 32. Qd3 g6 33. Rb4 Rb2 34. Qxb5 Qe6 35. Qd3 a2 36. Ra4 Qe1 37. Qe3 Re2 38. d7 Rxe3 39. d8Q+ Kg7 40. Bf8+ Kh7 41. Qxf6 a1Q 42. Rxa1 1-0

[Event "GER-ch U18"]
[Site "Willingen"]
[Date "2024.05.19"]
[Round "2"]
[White "Spriestersbach, Kai"]
[Black "Haack, Kevin"]
[Result "0-1"]
[WhiteElo "2193"]
[BlackElo "2288"]
[PlyCount "144"]
[EventDate "2024.05.19"]
[EventType "swiss"]
[EventRounds "9"]
[EventCountry "GER"]
[SourceTitle "CBM 220 Extra"]
[Source "ChessBase"]
[SourceDate "2024.07.31"]
[SourceVersion "1"]
[SourceVersionDate "2024.07.31"]
[SourceQuality "1"]

1. Nf3 Nf6 2. g3 b5 3. Bg2 Bb7 4. 0-0 e6 5. d3 c5 6. e4 d6 7. Nbd2 Nbd7 8. a4 a6 9. Re1 Be7 10. Qe2 0-0 11. c3 Qb6 12. d4 e5 13. a5 Qc7 14. dxe5 dxe5 15. c4 b4 16. Nh4 Nb8 17. Nf5 Nc6 18. Nb3 h6 19. Ne3 Nd4 20. Nxd4 cxd4 21. Nd5 Bxd5 22. cxd5 Rfc8 23. Bh3 Rcb8 24. Qf3 Rb5 25. Qb3 Rxa5 26. Rxa5 Qxa5 27. Bd2 Qb5 28. Bf1 Qb7 29. f3 a5 30. Qa4 Nd7 31. Qb5 Qxb5 32. Bxb5 Nc5 33. Bc4 Na4 34. b3 Nb2 35. Bb5 Rb8 36. Bc6 Nd3 37. Rb1 Nc5 38. Kf2 Nb7 39. Ke2 Nd8 40. Ba4 Rc8 41. Kd3 f6 42. Bb5 Rc5 43. Bd7 Kf7 44. h4 Bd6 45. g4 Ke7 46. Ba4 Nf7 47. Rg1 g5 48. Rh1 Kd8 49. Bc6 Bf8 50. h5 Bd6 51. Ra1 Bb8 52. Ra2 Kc7 53. Ra1 Nd6 54. Ra2 Kb6 55. Ra1 Nc8 56. Bd7 Na7 57. Ra2 Bd6 58. Ra1 Rc7 59. Ba4 Be7 60. Ra2 Nc8 61. Bc6 Nd6 62. Ra1 Nf7 63. Rb1 Nd8 64. Ba4 Nb7 65. Bc6 Nc5+ 66. Kc4 Ne6 67. Kd3 Nc5+ 68. Kc4 Na6 69. Kd3 Nb8 70. Ba4 Rc5 71. Be8 Na6 72. Bc6 Rc3+ 0-1

[Event "Titled Tuesday intern op 27th Feb Early"]
[Site "Chess.com INT"]
[Date "2024.02.27"]
[Round "9"]
[White "Haack, Kevin"]
[Black "Banh, Gia Huy"]
[Result "0-1"]
[WhiteElo "2260"]
[BlackElo "2390"]
[PlyCount "82"]
[EventDate "2024.02.27"]
[EventType "swiss (blitz)"]
[EventRounds "11"]
[EventCountry "USA"]
[SourceTitle "EXT 2025"]
[Source "ChessBase"]
[SourceDate "2024.10.14"]
[SourceVersion "1"]
[SourceVersionDate "2024.10.14"]
[SourceQuality "1"]

1. Nf3 Nf6 2. g3 g6 3. Bg2 Bg7 4. 0-0 0-0 5. c4 d6 6. Nc3 c5 7. d4 Nc6 8. d5 Na5 9. Qd3 a6 10. e4 b5 11. cxb5 axb5 12. Nxb5 Ba6 13. a4 c4 14. Qc2 Nb3 15. Ra3 Nxc1 16. Rxc1 Nd7 17. Nfd4 Ne5 18. Bf1 Qb6 19. Bxc4 Bxb5 20. Nxb5 Nxc4 21. Qxc4 Bxb2 22. Rca1 Bxa1 23. Rxa1 Rfc8 24. Qb3 Qc5 25. Rb1 Qc4 26. f3 Qxb3 27. Rxb3 Rxa4 28. Nc3 Rac4 29. Ne2 Rc2 30. Kf2 Rd2 31. Re3 Rcc2 32. h4 Kg7 33. f4 h5 34. Kf3 Rc5 35. Kf2 Ra2 36. Kf3 Kf8 37. Nd4 Rc1 38. Ne2 f5 39. Nxc1 Rc2 40. Nd3 fxe4+ 41. Kxe4 Kf7 0-1

[Event "Titled Tuesday intern op 27th Feb Early"]
[Site "Chess.com INT"]
[Date "2024.02.27"]
[Round "3"]
[White "Haack, Kevin"]
[Black "Kolimar, Kristof Pal"]
[Result "1-0"]
[WhiteElo "2260"]
[BlackElo "2269"]
[PlyCount "77"]
[EventDate "2024.02.27"]
[EventType "swiss (blitz)"]
[EventRounds "11"]
[EventCountry "USA"]
[SourceTitle "EXT 2025"]
[Source "ChessBase"]
[SourceDate "2024.10.14"]
[SourceVersion "1"]
[SourceVersionDate "2024.10.14"]
[SourceQuality "1"]

1. e4 c5 2. Nf3 e6 3. d4 cxd4 4. Nxd4 a6 5. Nc3 b5 6. g3 Bb7 7. Bg2 Nf6 8. a3 d6 9. 0-0 Be7 10. e5 Bxg2 11. exf6 Bxf1 12. fxe7 Qxe7 13. Kxf1 0-0 14. Qf3 Ra7 15. Be3 Rc7 16. Re1 Rfc8 17. Bf4 Qd7 18. Bg5 Nc6 19. Nxc6 Rxc6 20. Qg4 Rc4 21. Qf3 d5 22. Rd1 Qc6 23. Bf4 a5 24. Ne2 Rxc2 25. Nd4 Qc4+ 26. Kg2 Rxb2 27. Rc1 Qxc1 28. Bxc1 Rxc1 29. Qf4 Rc8 30. Qd6 Rf8 31. Nc6 g6 32. Ne7+ Kg7 33. Qe5+ f6 34. Qxb2 Rf7 35. Nc6 Rb7 36. Nxa5 Rb6 37. Qd4 Ra6 38. Qb4 Rc6 39. Nxc6 1-0

[Event "Oberliga Ost-B 2324"]
[Site "Germany"]
[Date "2024.02.25"]
[Round "7.1"]
[White "Paschke, Mario"]
[Black "Haack, Kevin"]
[Result "0-1"]
[WhiteElo "2186"]
[BlackElo "2260"]
[PlyCount "74"]
[EventDate "2023.10.22"]
[EventType "team-tourn"]
[EventRounds "11"]
[EventCountry "GER"]
[SourceTitle "EXT 2025"]
[Source "ChessBase"]
[SourceDate "2024.10.14"]
[SourceVersion "1"]
[SourceVersionDate "2024.10.14"]
[SourceQuality "1"]
[WhiteTeam "Eppstein"]
[BlackTeam "Hofheim II"]
[WhiteTeamCountry "GER"]
[BlackTeamCountry "GER"]

1. e4 c6 2. Nc3 d5 3. Nf3 Bg4 4. Be2 e6 5. d4 h6 6. h3 Bh5 7. Ne5 Bxe2 8. Qxe2 dxe4 9. 0-0 Nf6 10. Nxe4 Qxd4 11. Nxf6+ gxf6 12. Ng6 fxg6 13. Qxe6+ Be7 14. Re1 Qd7 15. Qxf6 Rf8 16. Qxg6+ Kd8 17. Bg5 Bxg5 18. Rad1 Kc7 19. Rxd7+ Nxd7 20. Rd1 Rad8 21. Qg7 Rfe8 22. Qf7 Re7 23. Qf5 Rde8 24. g3 Re1+ 25. Rxe1 Rxe1+ 26. Kg2 Ra1 27. Qa5+ Kb8 28. a4 Rd1 29. h4 Rd5 30. Qb4 Bd2 31. Qe7 Kc7 32. f4 Bc1 33. b4 h5 34. Kf3 a5 35. bxa5 Bb2 36. Qb4 Bd4 37. c4 Bc5 0-1